| 000 | 00711 a2200229 4500 | ||
|---|---|---|---|
| 001 | 200045594 | ||
| 003 | TR-AnTOB | ||
| 005 | 20241219084846.0 | ||
| 008 | 160506b 9999tu ar0p 0 0 | ||
| 040 |
_aTR-AnTOB _cTR-AnTOB |
||
| 041 | 0 | _atur | |
| 099 | _aJOURNAL - AYİM | ||
| 245 | 1 | 0 |
_aAskeri Yüksek İdare Mahkemesi dergisi / _cAskeri Yüksek İdare Mahkemesi. |
| 246 | 1 | 1 | _aAskeri Yüksek İdare Mahkemesi Kararları Dergisi/ |
| 264 | 1 |
_aAnkara: _bAskeri Yüksek İdare Mahkemesi, _c1998- |
|
| 300 |
_ac.: _c24 cm. |
||
| 310 | _aYılda bir kez | ||
| 500 | _aYılda bir kez Ekim ayında yayımlanmaktadır. | ||
| 710 | 1 |
_aAskeri Yüksek İdare Mahkemesi _984374 |
|
| 942 |
_cCR _2lcc |
||
| 999 |
_c200045594 _d25896 |
||